| 000 | 01600cam a2200373 a 4500 | ||
|---|---|---|---|
| 999 |
_c528857 _d528857 |
||
| 001 | 2944603 | ||
| 003 | NUST | ||
| 005 | 20190914134512.0 | ||
| 008 | 900724s1990 nyua b 001 0 eng | ||
| 010 | _a 90044777 | ||
| 020 | _a0471617881 (alk. paper) | ||
| 038 | _aAtta | ||
| 040 |
_aDLC _cDLC _dDLC |
||
| 050 | 0 | 0 |
_aHD62.4 _b.V483 1990 |
| 082 | 0 | 0 |
_a658.4012 VER _220 |
| 245 | 0 | 0 |
_aGlobal strategic management : _bthe essentials / _c[compiled by] Heidi Vernon-Wortzel, Lawrence H. Wortzel. |
| 250 | _a2nd ed. | ||
| 260 |
_aNew York : _bWiley, _cc1990. |
||
| 300 |
_axiii, 545 p. : _bill. ; _c24 cm. |
||
| 500 | _aRev. ed. of: Strategic management of multinational corporations. c1985. | ||
| 504 | _aIncludes bibliographical references and index. | ||
| 650 | 0 |
_aInternational business enterprises _xManagement. _912563 |
|
| 650 | 0 |
_aInternational business enterprises _xPlanning. _920651 |
|
| 650 | 0 |
_aStrategic planning. _912267 |
|
| 650 | 0 |
_aInternational economic relations. _9539 |
|
| 700 | 1 |
_aVernon, Heidi, _d1938- _920652 |
|
| 700 | 1 |
_aWortzel, Lawrence H. _920653 |
|
| 730 | 0 |
_aStrategic management of multinational corporations. _920654 |
|
| 856 | 4 | 2 |
_3Publisher description _uhttp://www.loc.gov/catdir/enhancements/fy0608/90044777-d.html |
| 856 | 4 | 1 |
_3Table of contents only _uhttp://www.loc.gov/catdir/enhancements/fy0608/90044777-t.html |
| 906 |
_a7 _bcbc _corignew _d1 _eocip _f19 _gy-gencatlg |
||
| 942 |
_2ddc _cBK |
||